Stát a trh : 161 makroekonomických otazníků /
Gespeichert in:
| Hauptverfasser: | , |
|---|---|
| Format: | Buch |
| Sprache: | Tschechisch |
| Veröffentlicht: |
Ostrava :
Avízo Print,
1990
|
| Tags: |
Keine Tags, Fügen Sie das erste Tag hinzu!
|
MARC
| LEADER | 00000nam a22000003a 4500 | ||
|---|---|---|---|
| 001 | stu17928 | ||
| 005 | 20150617225756.5 | ||
| 008 | 910815s1990----cs------------------cze-d | ||
| 020 | |a 80-900336-0-1 | ||
| 040 | |a STU |b slo | ||
| 041 | 0 | |a cze | |
| 044 | |a cs | ||
| 080 | |a 334.012.23 | ||
| 100 | 1 | |a Matesová, Jana |4 aut | |
| 245 | 1 | |a Stát a trh : |b 161 makroekonomických otazníků / |c [aut.]Matesová,Jana, Wendelová,Petra | |
| 260 | |a Ostrava : |b Avízo Print, |c 1990 | ||
| 300 | |a 105 s : |b Tab.,grafy,lit | ||
| 700 | 1 | |a Wendelová, Petra |4 aut | |
| 996 | |b C88742 |c C*88742 |l CCXIV |s P |a 0 |w stu17928_0001 | ||
| 996 | |b C92247 |c C*92247 |l CCXIV |s P |a 0 |w stu17928_0002 | ||
| 996 | |b CB1284 |c C*B1284 |l CCXIV |s P |a 0 |w stu17928_0003 | ||